| 000 | 00677nam a22002297a 4500 | ||
|---|---|---|---|
| 008 | 240625b mp ||||| |||| 00| 0 mon d | ||
| 020 | _a978-99929-0-720-7 | ||
| 035 | _a2197 | ||
| 040 |
_aGA0182080 _bmon _cMN-UlNLM _dMN-UlNLM _erda |
||
| 041 | _amon | ||
| 042 | _a58373 | ||
| 084 |
_2NNA _a84(5Яп) _bА 75 |
||
| 100 | _aКүникихо Аояма | ||
| 245 | 0 | _aОдой өвгөний байшин | |
| 264 |
_aУлаанбаатар _b"Мон судар" _c2009 |
||
| 300 | _a70х. | ||
| 336 |
_2rdacontent _atext _btxt |
||
| 337 |
_2rdamedia _aunmediated _bn |
||
| 338 |
_2rdacarrier _avolume _bnc |
||
| 650 | _aодой япон үлгэр | ||
| 942 |
_2NNA _cBK |
||
| 999 |
_c1025474 _d1025531 |
||